Normal view MARC view

Entry Personal Name

Number of records used in: 2

001 - CONTROL NUMBER

  • control field: 51776

003 - CONTROL NUMBER IDENTIFIER

  • control field: dpl

005 - DATE AND TIME OF LATEST TRANSACTION

  • control field: 20120830105157.0

008 - FIXED-LENGTH DATA ELEMENTS

  • fixed length control field: 120830|||a|||||| | ||| d

040 ## - CATALOGING SOURCE

  • Original cataloging agency: dpl
  • Transcribing agency: dpl

100 ## - HEADING--PERSONAL NAME

  • Personal name: अर्चना

670 ## - SOURCE DATA FOUND

  • Source citation: Work cat.: (dpl)63517: अर्चना, टैगोर का काव्यात्मक चित्रजगत /, 2009

670 ## - SOURCE DATA FOUND

  • Source citation: Work cat.: (dpl)63517: अर्चना, टैगोर का काव्यात्मक चित्रजगत /, 2009

© Delhi Public Library
Hit Counter
free hit counter